[Event "Moscow Tal Memorial 4th"]
[Site "Moscow"]
[Date "2009.11.05"]
[Round "1"]
[White "Carlsen, Magnus"]
[Black "Kramnik, Vladimir"]
[Result "1/2-1/2"]
[WhiteElo "2801"]
[BlackElo "2772"]
[Annotator "Krasenkow,Michal"]
[PlyCount "116"]
[EventDate "2009.11.05"]
[EventType "tourn"]
[EventRounds "9"]
[EventCountry "RUS"]
[EventCategory "21"]
[SourceTitle "CBM 133"]
[Source "ChessBase"]
[SourceDate "2009.11.19"]
[SourceVersion "1"]
[SourceVersionDate "2009.11.19"]
[SourceQuality "1"]

1. d4 Nf6 2. c4 e6 3. Nc3 Bb4 4. Qc2 O-O 5. a3 Bxc3+ 6. Qxc3 d5 7. cxd5 Ne4 8. Qc2 exd5 9. Bf4 {This line was examined in CBM 132, annotations to Morozevich - Alekseev.} Nc6 ({Everyone (apparently except Vladimir Kramnik) would like to see what Magnus Carlsen had prepared against} 9... Bf5 10. Qxc7 Qxc7 11. Bxc7 Rc8 12. Bf4 Nc6 $1 (12... Rc2 $143 $6 13. f3 Nf6 14. g4 Bg6 15. h4 Rxb2 16. h5 Bc2 17. e3 Ba4 18. Rh2 $1 $16 {1-0 Morozevich,A (2751)-Alekseev,E (2714)/Biel 2009/CBM 132/[Krasenkow] (34)}) {Was it an improvement on the following game between two top female players? :} 13. f3 (13. Rd1 $143 Na5 14. g4 Bd7 15. f3 Nf6 16. Nh3 Ba4 17. Rd3 Rc2 $36 {0-1 Wiley,T (2287)-Balogh,C (2595)/Arinsal 2009/CBM 131 Extra (21)}) 13... Nf6 14. g4 Bc2 (14... Bd7 $6 15. e3 Na5 16. Bd3 $16) (14... Nxd4 $5 15. Rd1 $1 Ne6 16. gxf5 Nxf4 17. e3 N4h5 18. Ne2 Rc2 19. Rd2 Rac8 20. Nc3 $1 {consolidating his position and keeping some positional advantage.}) (14... Bg6 $5 {[%cal Yc6a5,Ya5b3] looks, however, very strong}) 15. e3 Na5 16. b4 (16. Kf2 $5 Bg6 17. Re1 Rc2+ 18. Re2 Rac8 19. Kg3 $5) 16... Nb3 17. Ra2 Nc1 18. Rb2 Nxg4 $1 19. e4 $5 (19. h4 Nf6 $36) 19... Nd3+ 20. Bxd3 Bxd3 21. Kd2 $4 (21. e5 Rc4 $1 $36) 21... Nf2 22. Be3 Bf1 $1 23. Bxf2 Bg2 $19 {0-1 Zhu Chen (2488)-Xu Yuhua (2485)/Nanjing CHN 2009/The Week in Chess 779 (40)}) 10. e3 Re8 $146 {[%mdl 8]} ({Kramnik doesn't repeat a promising line played by Vishy Anand:} 10... g5 $5 11. Bg3 f5 12. O-O-O (12. Nf3 $5 f4 13. exf4 g4 14. Ne5 Nxd4 $13) 12... f4 13. f3 Nd6 $6 (13... fxg3 $1 14. fxe4 Rf2 $36) 14. exf4 gxf4 15. Bf2 Bf5 16. Qc5 Ne7 17. Ne2 Bg6 $13 {0-1 Karpov,A (2619)-Anand,V (2788)/Corsica FRA 2009/The Week in Chess 782 (32)}) {In the game Black gets a good position, too; it is unclear why Carlsen played such a line, which looks rather risky for White.} 11. Nf3 g5 $1 12. Bg3 g4 13. Ne5 Nxe5 14. Bxe5 (14. dxe5 $5 Bf5 15. Bd3 Bg6 (15... c5 16. f3 gxf3 17. gxf3 c4 18. Bxe4 dxe4 19. Rg1 $13) 16. Bxe4 (16. Bf4 c5 $1) 16... Bxe4 17. Qe2 Qg5 $11) 14... c5 15. Bd3 Bf5 (15... Qa5+ $2 {is premature as after} 16. b4 $1 cxb4 17. O-O bxa3 18. f3 {White completes his development and obtains a strong attack.}) 16. Qe2 $146 (16. O-O c4 17. Bxe4 Bxe4 {[%cal Ye8e6,Ye6b6,Ye6h6] is favourable for Black (M.Notkin).}) ({Or} 16. Bxe4 Bxe4 17. Qxc5 Bxg2 18. Rg1 Bf3 $17 {[%csl Re1]}) ({RR} 16. O-O c4 17. Bxe4 Bxe4 18. Qd1 Qg5 19. Qd2 h5 20. Qb4 h4 21. Bf4 Qg6 22. Rfc1 h3 23. g3 Bf3 24. Qd2 Qe4 25. Qc2 Qe6 26. a4 Be4 27. Qd1 Qf5 28. Ra3 Re6 29. Rac3 Rae8 30. b3 Bd3 {Batkovskyte,D (2006)-Soylemez,C (1913) Kemer 2009 0-1 (36)}) ({RR} 16. O-O c4 17. Bxe4 Bxe4 18. Qd2 Qg5 19. Bf4 Qh5 20. Qd1 Bd3 21. Re1 Re6 22. Qa4 Rb6 23. Ra2 Qf5 24. Qd1 h5 25. f3 gxf3 26. gxf3 Kh7 27. Kf2 Rg8 28. Rg1 Rbg6 29. Rxg6 Qxg6 30. Ra1 Qg2+ {Collado Barbas,L (2051)-Coll Ortega,J (2248) Linares 2010 0-1 (33)}) 16... f6 17. Bxe4 (17. Bf4 $2 Qa5+ 18. Kf1 cxd4 $19) (17. f3 {leads to a bad endgame for White:} gxf3 18. Qxf3 c4 $1 19. Bxe4 (19. Qxf5 cxd3 $19 {[%csl Gd3,Ge4]}) 19... Bxe4 20. Qxf6 Qxf6 21. Bxf6 Re6 $17 {[%csl Rb2][%cal Ye6b6] according to IM Maxim Notkin.}) 17... Bxe4 18. Bg3 Qa5+ 19. Qd2 Qxd2+ {A disputable decision. White's drawing chances are more realistic in the endgame, due to the opposite-coloured bishops, but Kramnik rejected} (19... Qa6 {in view of} 20. f3 (20. Qe2 $2 Qxe2+ 21. Kxe2 cxd4) 20... gxf3 21. gxf3 Bxf3 22. Rf1 {e.g.} Bh5 (22... Bg4 23. Rf4 Bh5 24. Kf2) 23. Rf5 $5 (23. Rf4 cxd4 24. Rxd4 Rac8 $5 $40) 23... Rxe3+ $5 (23... Bg6 24. Rxd5) 24. Qxe3 Re8 25. Be5 $1 (25. Qxe8+ Bxe8 {[%cal Ra6e6]} 26. Rf2 cxd4 {looks very bad for White}) 25... cxd4 26. Qg3+ Bg6 27. O-O-O $1 fxe5 ({or} 27... Qe2 28. Bxd4 Qe4 29. Qd3 $1 Bxf5 30. Qxe4 Bxe4 31. Kd2) 28. Rxe5 Rc8+ 29. Kd2 {, and White holds on, keeping chances to survive.}) 20. Kxd2 {[%mdl 4096]} c4 {[%cal Ye8e6,Ye6b6]} ({After} 20... cxd4 21. exd4 Bxg2 22. Rhe1 {M.Notkin} Be4 23. Rac1 {White activates his rooks and creates sufficient counterplay; of course, the exchange of all rooks will lead to a dead draw.}) 21. f3 $1 {White must urgently create counterplay; otherwise Black's queenside pawn advantage will decide the game.} gxf3 22. gxf3 Bg6 (22... Bxf3 $6 23. Rhf1 $11) 23. h4 {[%cal Yh4h5]} Bh5 24. Ke2 Re6 25. Be1 Kf7 26. Kf2 Rae8 27. Bd2 Rb6 28. Bc3 Rb3 {[%cal Yb7b5,Ya7a5,Yb5b4] Black's plan is double-edged as his rook can find itself out of play.} 29. a4 $1 {Preventing 29...b5} b6 {[%cal Ya7a6,Yb6b5]} 30. Rhe1 {[%cal Ye3e4]} Bg6 (30... a6 31. e4 b5 32. axb5 axb5 33. Ra7+ Re7 34. Ra3 Rxa3 35. bxa3 $11) 31. e4 $1 {Still!} dxe4 32. d5 a6 $2 (32... exf3 $142 33. Rxe8 Kxe8 34. Kxf3 $11) 33. fxe4 $2 {Missing an excellent chance:} (33. h5 $142 $1 Bxh5 ({or} 33... Bf5 34. Re3 $1 {[%cal Ya1e1,Yf3e4]}) 34. Rxe4 Rxe4 35. fxe4 {[%csl Rb3] and the initiative passes to White - see annotation to move 28!}) 33... Bxe4 34. d6 f5 35. Rg1 Ke6 36. Rg7 Kxd6 37. Rxh7 {White's passed h5 pawn should guarantee him a draw.} Bd3 38. Kf3 Re4 39. h5 Rh4 40. Rg1 Be4+ 41. Ke3 Rh3+ 42. Kf4 Rf3+ 43. Kg5 b5 44. axb5 axb5 45. Kf6 (45. Ra1 $5 Rfxc3 46. bxc3 Rxc3 {doesn't change much.}) 45... Rbxc3 46. bxc3 Rxc3 47. Rg8 Rh3 48. Rc8 c3 49. Rhc7 (49. Rhh8 $5 Bc6 50. Rh6 $1 {[%cal Rf6f5] was simpler, with a forced draw::} Kd7 51. Rhh8 Kd6 52. Rh6 {as} Bd7 $2 {doesn't work due to} 53. Kf7+ Ke5 54. Rc5+ Kd4 55. Rc7 {, and White wins a piece (M.Notkin).}) 49... c2 50. Kg5 Rh2 (50... Rh1 51. Rxc2 Bxc2 52. Rxc2 $11) 51. Rc3 $6 (51. Rc5 $1 b4 52. Rc4 b3 53. Kf6 Kd5 54. R8c5+ Kd6 55. Rc8 $11 {M.Notkin}) 51... Ke6 (51... Ke5 $142 {but White apparently has a draw anyway. In many variations he achieves the endgame  vs. +:} 52. R3c5+ Kd4 53. Rxb5 Rg2+ (53... Bd3 54. Rb4+ Ke3 55. Rb3 Rg2+ 56. Kf6 f4 {is just a transposition of moves}) 54. Kf6 (54. Kf4 $4 Rg4#) 54... f4 55. Rb4+ Ke3 56. Rb3+ Bd3 (56... Kd2 $143 57. Ke5) 57. Rcc3 Rd2 (57... Ke2 58. Rb2 Kd2 59. Rbxc2+ Bxc2 60. Rf3 Rg4 61. Ke5 $11) 58. h6 Ke2 $1 (58... f3 59. h7 f2 60. h8=Q f1=Q+ 61. Ke7 $11) 59. Kg5 $1 f3 60. h7 f2 (60... Bxh7 61. Re3+ Kd1 62. Rxf3 $1 $11) 61. h8=Q f1=Q 62. Qe5+ Kd1 63. Rxc2 $3 {Parrying mating threats!} Qg2+ 64. Kh4 $1 Qh1+ (64... Qf2+ 65. Qg3 $5 {forcing the exchange of queens}) 65. Kg5 $1 Qg2+ 66. Kh4 Bxc2 67. Qa1+ Ke2 68. Qe5+ Be4 (68... Kf1 69. Qf4+ Kg1 70. Rg3) 69. Rg3 $11) 52. Re8+ Kf7 53. Rb8 Rg2+ (53... Rh1 54. Rc7+ Ke6 55. Rb6+ Kd5 56. Rxb5+ Kd4 57. Rbc5 $11 {M.Notkin}) 54. Kf4 Ke6 55. Re8+ Kd7 56. Rb8 Ke6 (56... Rf2+ $5 {is very hard to assess but apparently White holds his ground after} 57. Kg5 $5 (57. Ke5 $143 Rf3 58. Rc5 Re3 59. Kf4 Re2) 57... Rf3 58. Rc5 Rf1 59. Rbc8 {etc.}) 57. Re8+ Kf6 58. Rf8+ Ke6 1/2-1/2

[Event "London Classic 3rd"]
[Site "London"]
[Date "2011.12.06"]
[Round "4"]
[White "Carlsen, Magnus"]
[Black "Kramnik, Vladimir"]
[Result "1/2-1/2"]
[WhiteElo "2826"]
[BlackElo "2800"]
[PlyCount "109"]
[EventDate "2011.12.03"]
[EventType "tourn"]
[EventRounds "9"]
[EventCountry "ENG"]
[EventCategory "20"]
[SourceTitle "CBM 146"]
[Source "ChessBase"]
[SourceDate "2012.01.18"]
[SourceVersion "1"]
[SourceVersionDate "2012.01.18"]
[SourceQuality "1"]

1. d4 Nf6 2. c4 e6 3. Nc3 Bb4 4. Nf3 c5 5. g3 cxd4 6. Nxd4 O-O 7. Bg2 d5 8. cxd5 Nxd5 9. Qb3 Qb6 10. Bxd5 exd5 11. Be3 Bxc3+ 12. Qxc3 Qa6 13. Qd3 Qxd3 14. exd3 Bd7 15. Kd2 Nc6 16. Nxc6 Bxc6 17. Bd4 Rfe8 $146 ({RR} 17... a6 18. g4 Bd7 19. f3 Rac8 20. h4 h5 21. Rhg1 Kh7 22. Rg2 Rfe8 23. Rag1 Re7 24. Rf2 Rc6 25. Rgg2 Be8 26. Re2 Rce6 27. Rxe6 Rxe6 28. Rg1 Rg6 29. Re1 Re6 30. Rxe6 fxe6 31. Ke3 a5 32. Be5 {Khalifman,A (2614)-Macieja,B (2608) Nakhchivan 2013 ½-½ (43)}) ({RR} 17... a6 18. g4 Bd7 19. Rhg1 Rac8 20. Rae1 Rfe8 21. Rxe8+ Rxe8 22. h4 f6 23. g5 Kf7 24. h5 Rg8 25. f4 Bf5 26. a4 Rc8 27. gxf6 gxf6 28. h6 Rg8 29. Rxg8 Kxg8 30. Bxf6 Kf7 31. Bg7 Bd7 32. b3 {Berkes,F (2659)-Zelcic,R (2501) Schwarzach 2015 ½-½ (36)}) 18. g4 Re6 19. Rae1 Bd7 20. Rxe6 Bxe6 21. g5 a6 22. h4 Re8 23. h5 Bg4 24. h6 gxh6 25. gxh6 Re6 26. Be3 Kf8 27. Kc3 Rg6 28. Kd4 Bd7 29. Re1 Bc6 30. Kc5 Ke8 31. f4 Bd7 32. Bd4+ Re6 33. Rxe6+ Bxe6 34. Kb6 Bf5 35. Kxb7 Bxd3 36. Kc6 Ke7 37. Kxd5 Bb1 38. a3 Ba2+ 39. Ke4 Bb3 40. Kf5 Be6+ 41. Ke5 f6+ 42. Ke4 Bb3 43. Bc5+ Ke6 44. Kd4 a5 45. a4 Bxa4 46. Bb6 Kf5 47. Bxa5 Kxf4 48. Bd2+ Kg4 49. b4 f5 50. Ke5 Bb5 51. Bf4 Bd3 52. Be3 Bb5 53. Bf4 Bd3 54. Be3 Bb5 55. Bf4 1/2-1/2

[Event "Moscow Tal Memorial 7th"]
[Site "Moscow"]
[Date "2012.06.08"]
[Round "1"]
[White "Carlsen, Magnus"]
[Black "Kramnik, Vladimir"]
[Result "1/2-1/2"]
[WhiteElo "2835"]
[BlackElo "2801"]
[Annotator "Marin,Mihail"]
[PlyCount "46"]
[EventDate "2012.06.08"]
[EventType "tourn"]
[EventRounds "9"]
[EventCountry "RUS"]
[EventCategory "22"]
[SourceTitle "CBM 149"]
[Source "ChessBase"]
[SourceDate "2012.07.17"]
[SourceVersion "1"]
[SourceVersionDate "2012.07.17"]
[SourceQuality "1"]

1. d4 Nf6 2. c4 e6 3. Nc3 Bb4 4. Qc2 O-O 5. a3 Bxc3+ 6. Qxc3 d5 {The newest trend in the 4.c2 variation.} 7. e3 {The practice of the last years has shown that White risks falling behind in development if he spends a tempo on g5. The game move saves an important tempo, but faces White with the risk of remaining with a passive dark-squared bishop, especially after the exchange of the light-squared bishops.} (7. Bg5 dxc4 8. Qxc4 b6 9. Rd1 Ba6 10. Qa4 Bb7 (10... Qd7 {Nepomniachtchi,I (2711)-Amin,B (2609)/Ningbo 2011/CBM 144/[Marin,M] (1-0, 46)}) 11. f3 Nbd7 {Dreev,A (2697)-L'Ami,E (2623)/Aix-les-Bains 2011/CBM 142/[Marin,M] (1/2, 43)}) (7. Nf3 dxc4 8. Qxc4 b6 {Golod,V (2590)-Almasi,Z (2720)/Rijeka 2010/CBM 136/[Marin,M] (1/2, 18)}) 7... b6 8. cxd5 {White decides to play against the hanging pawns. His slight delay in development makes this approach rather risky.} (8. Nf3 Ba6 (8... Bb7 {Vitiugov,N (2694)-Karjakin,S (2723)/Khanty Mansiysk 2009/CBM 134/[Marin] (0-1, 47)}) 9. b4 {Grachev,B (2652)-Bartel,M (2618)/Khanty Mansiysk 2009/CBM 134/[Marin] (1/2, 21)}) 8... exd5 ({The dynamic} 8... Qxd5 {is also playable:} 9. f3 (9. Be2 c5 10. Bf3 Ne4 11. Qc2 f5 12. Ne2 cxd4 13. exd4 Nc6 14. Be3 Ba6 $132 {Narciso Dublan,M (2551)-Fedorchuk,S (2650)/Salou 2011/CBM 142 Extra (1/2, 36)}) 9... Ba6 (9... Rd8 $5 {would prevent or at least delay e3-e4.}) 10. Bxa6 Nxa6 11. e4 Qb7 12. Bg5 Nd7 13. Ne2 $14 {Michiels,B (2501)-Winants,L (2540)/Belgium 2012 (1/2, 60)}) ({A previous game between the same opponents went:} 8... Nxd5 9. Qc2 Ba6 10. Bxa6 Nxa6 11. e4 Ne7 12. Bg5 h6 13. Bxe7 Qxe7 14. Qc6 e5 15. Qb5 exd4 16. Qxa6 Qxe4+ 17. Kf1 Rfe8 $44 {Carlsen,M (2823)-Kramnik,V (2791)/Moscow 2011/CBM 144 (1/2, 35)}) 9. Bd3 $146 {White takes measures against the occupation of the e4-square.} (9. Nf3 Ne4 10. Qc2 Bf5 $132 {Vasilevich,T (2399)-Galojan,L (2373)/Plovdiv 2010/CBM 138 Extra (1/2, 36)}) 9... Ba6 $1 {As a general rule, it is the side playing against the hanging pawns who is interested in exchanging these bishops. Here, we have enough elements to justify Black's last move. Strategically, it is always a good idea to spoil the enemy's bishop pair. Dynamically, the white bishop has moved already, which transforms the next move into a loss of time.} (9... Ne4 10. Qc2 Bf5 $6 11. Ne2 $14) 10. Bxa6 Nxa6 11. Qd3 (11. Nf3 c5 $36) 11... Qc8 12. Ne2 ({With such poor development, White cannot afford to play} 12. b4 c5 {. General exchanges on c5 would leave the light squares desperately weak.}) 12... c5 13. b3 {Taking measures against the threatened ...c5-c4.} cxd4 $5 {This seems to be the best moment to release the tension.} ({After just a few neutral moves, such as} 13... Qb7 14. O-O Rac8 15. Bb2 {Black would face some small problems already.}) 14. Qxd4 $146 {Too ambitious. White wants to play against the Isolani, but underestimates the significance of his delay in development.} (14. Nxd4 $2 {is almost as bad:} Nc5 15. Qb5 (15. Qe2 Nxb3 16. Nxb3 Qc3+ $17) (15. Qb1 Qa6) (15. Qc2 Qa6) 15... a6 16. Qxb6 Rb8 17. Qc6 Nxb3 18. Qxc8 Rfxc8 $32) (14. exd4 $11 {would have led to plain equality.}) ({RR} 14. exd4 Nc7 15. O-O Ne6 16. Bd2 Qd7 17. f3 Rac8 18. a4 Rc6 19. Rfc1 Rxc1+ 20. Rxc1 Rc8 21. Ra1 Ne8 22. Nc3 Rc6 23. a5 N8c7 24. f4 g6 25. axb6 axb6 26. Ra7 Ng7 27. Na2 Nge8 28. f5 Qxf5 {Nakamura,H (2802)-Anand,V (2804) Stavanger 2015 ½-½ (45)}) ({RR} 14. exd4 Nc7 15. O-O Re8 16. f3 Ne6 17. Bd2 Qd7 18. Rfe1 Rac8 19. a4 g6 20. Nc3 h5 21. Re5 Kg7 22. Rae1 Qd6 23. Nb5 Qd7 24. h4 a6 25. Nc3 Qd6 26. Bg5 Nd7 27. R5e2 Nxg5 28. Rxe8 Nh3+ {Nakamura,H (2736)-Van Foreest,J (2688) chess24.com INT 2021 ½-½ (34)}) 14... Nc5 {White has problems defending the b3- and d3-squares. Castling becomes a remote dream.} 15. Qd1 (15. Rb1 Qf5 $36) 15... Qa6 16. Nf4 (16. O-O Nxb3 $17) 16... d4 {Strong enough, but maybe a bit premature.} (16... g5 $6 17. Bb2 $132) ({Black could have prepared the central break with:} 16... Rad8 $5 17. b4 (17. Bb2 d4 $1 18. Bxd4 Rxd4 19. Qxd4 Nxb3 20. Qb2 Nxa1 21. Qxa1 Qa5+ 22. Ke2 Qb5+ $40 {[%cal Gf8d8]}) 17... g5 18. bxc5 (18. Bb2 d4) 18... gxf4 $36) 17. b4 {The only chance to stay in the game.} (17. exd4 $2 Rfe8+ 18. Be3 g5 19. Ne2 Nd3+ 20. Kf1 Nd5 $40) 17... dxe3 ({The unexpected resource} 17... Nd5 $5 {would have offered better chances for retaining an attack:} 18. Nxd5 (18. bxc5 Nxf4 19. exf4 Rfe8+ 20. Kd2 bxc5 $19) 18... Nd3+ 19. Kd2 Nxf2 20. Qf1 Ne4+ 21. Ke1 d3 $40) 18. bxc5 Qa5+ 19. Kf1 Rad8 20. Qc2 Qb5+ {Resigning himself to a draw by perpetual.} 21. Ke1 (21. Kg1 $2 Qxc5 $19) 21... Qa5+ 22. Kf1 Qb5+ 23. Ke1 Qa5+ 1/2-1/2

[Event "Lausanne YM 5th"]
[Site "Lausanne"]
[Date "2004.09.20"]
[Round "3.3"]
[White "Carlsen, Magnus"]
[Black "Lagno, Kateryna"]
[Result "1/2-1/2"]
[WhiteElo "2567"]
[BlackElo "2472"]
[PlyCount "21"]
[EventDate "2004.09.15"]
[EventType "k.o."]
[EventRounds "3"]
[EventCountry "SUI"]
[SourceTitle "CBM 104"]
[Source "ChessBase"]
[SourceDate "2005.01.27"]
[SourceVersion "1"]
[SourceVersionDate "2005.01.27"]
[SourceQuality "1"]

1. d4 Nf6 2. c4 e6 3. Nc3 Bb4 4. Nf3 c5 5. g3 cxd4 6. Nxd4 Ne4 7. Qd3 Bxc3+ 8. bxc3 Nc5 9. Qe3 b6 10. Bg2 Bb7 11. Ba3 $146 ({RR} 11. Bxb7 Nxb7 12. Nf5 O-O 13. Nd4 Na6 14. Qe4 Nac5 15. Qg4 Qf6 16. h4 Qg6 17. Qf3 Qe4 18. Ba3 Qxf3 19. Nxf3 Rfc8 20. O-O-O Rc7 21. Nd4 a6 22. Nb3 Ne4 23. Rhf1 Nxc3 24. Rd3 Rxc4 25. Kd2 Ne4+ {Dorfman,J (2602)-Relange,E (2472) Marseille 2001 0-1}) ({RR} 11. Bxb7 Nxb7 12. Ba3 Nc6 13. Nxc6 dxc6 14. Qe5 Qf6 15. Qc7 Qxc3+ 16. Kf1 Qxa3 17. Qxc6+ Ke7 18. Qc7+ Kf6 19. Qf4+ Ke7 20. Qc7+ Kf6 21. Qf4+ Ke7 22. Qc7+ Kf6 {½-½ (22) Socko,B (2654)-Wojtaszek,R (2721) Lublin 2011}) ({RR} 11. Bxb7 Nxb7 12. Ba3 Nc6 13. Nb5 a6 14. Nd6+ Nxd6 15. Bxd6 Na5 16. c5 bxc5 17. Bxc5 d6 18. Rd1 Nb7 19. Bb4 Qc7 20. O-O O-O 21. Rd3 Rfc8 22. Qd2 Rd8 23. e4 a5 24. Ba3 Ra6 25. Rd1 Rc6 {Arnaudov,G (2472)-Kabatianski,A (2359) Germany GER 2023 ½-½ (63)}) ({RR} 11. Bxb7 Nxb7 12. Qe4 Nc6 13. Nxc6 {½-½ (13) Razuvaev,Y (2525)-Horvath,T Keszthely 1981}) 1/2-1/2